Loading...
| Fine Arts - Classical Music | 0 | 6 | 1 | 1 | 55 | 55 | 86.00 | 2 | 2 | 0.00 | 0.00 |
| History - European | 0 | 4 | 0 | 0 | 40 | 26 | 46.25 | 1 | 3 | 0.00 | 0.00 |
| Mythology | 0 | 3 | 0 | 0 | 30 | 52 | 59.67 | 1 | 3 | 0.00 | 0.00 |
| Fine Arts - Other | 0 | 2 | 0 | 0 | 20 | 24 | 64.50 | 1 | 2 | 0.00 | 0.00 |
| Science - Other | 0 | 2 | 0 | 0 | 20 | 29 | 36.50 | 2 | 2 | 0.00 | 0.00 |
| History - Other | 0 | 2 | 0 | 0 | 20 | 47 | 49.50 | 2 | 2 | 0.00 | 0.00 |
| Literature - American | 0 | 2 | 0 | 0 | 20 | 56 | 79.00 | 0 | 1 | 0.00 | 0.00 |
| Literature - British | 0 | 1 | 0 | 0 | 10 | 95 | 95.00 | 0 | 1 | 0.00 | 0.00 |
| History - American | 0 | 1 | 0 | 0 | 10 | 41 | 41.00 | 0 | 1 | 0.00 | 0.00 |
| Current Events | 0 | 1 | 0 | 0 | 10 | 35 | 35.00 | 0 | 1 | 0.00 | 0.00 |
| Literature - European | 0 | 1 | 0 | 0 | 10 | 70 | 70.00 | 0 | 1 | 0.00 | 0.00 |
| Pop Culture | 0 | 1 | 0 | 0 | 10 | 61 | 61.00 | 0 | 0 | 0.00 | 0.00 |
| Religion | 0 | 1 | 0 | 0 | 10 | 112 | 112.00 | 0 | 0 | 0.00 | 0.00 |
| Literature - World | 0 | 0 | 1 | 0 | -5 | 0.00 | 0 | 0 | 0.00 | 0.00 |